| 000 | 00629 a2200241 4500 | ||
|---|---|---|---|
| 005 | 20260128103356.0 | ||
| 008 | 260127b |||||||| |||| 00| 0 eng d | ||
| 020 |
_a9783030667481 _c€ 79.99 |
||
| 040 | _aMAIN | ||
| 082 |
_a572.7 _bK153B |
||
| 100 | _aKasper, Cornelia | ||
| 245 | _aBasic concepts on 3D cell culture | ||
| 260 |
_bSpringer _c2021 _aSwitzerland |
||
| 300 | _axv, 252 | ||
| 650 | _aBiology | ||
| 650 | _aBiochemistry | ||
| 650 | _aCellular | ||
| 650 | _aMolecular Biology | ||
| 650 | _aCell Culture Techniques | ||
| 700 | _aEgger, Dominik | ||
| 700 | _aLavrentieva, Antonina | ||
| 942 | _cBK | ||
| 999 |
_c395824 _d395824 |
||